| 000 | 00470nam a2200181Ia 4500 | ||
|---|---|---|---|
| 001 | 16762 | ||
| 005 | 20260306170334.0 | ||
| 008 | 260306t2001||||xx |||||||||||||| ||und|| | ||
| 041 | _aESP | ||
| 082 |
_a349.85 _bA46 2001 |
||
| 100 |
_aAltuve-Febres Lores, Fernán _eAUT |
||
| 245 | 0 |
_aLos reinos del Perú: _bapuntes sobre la monarquía peruana |
|
| 260 | _c2001 | ||
| 300 |
_a303 páginas : _c21 cm. |
||
| 650 | _aGEN | ||
| 654 | _aCDE | ||
| 942 |
_cLIB _dJUS _fJUS _2ddc _n |
||
| 999 |
_c16762 _d16762 |
||